| 000 | 00634nam a2200229Ia 4500 | ||
|---|---|---|---|
| 003 | OSt | ||
| 005 | 20221006164507.0 | ||
| 006 | a|||||r|||| 00| 0 | ||
| 007 | ta | ||
| 008 | 221006b |||||||| |||| 00| 0 eng d | ||
| 024 | _a1,471 | ||
| 037 | _cTextual | ||
| 040 |
_aFML _cFML _beng |
||
| 041 |
_2eng _aeng |
||
| 082 | _aQ22:33, K9 | ||
| 100 |
_aMajumdar A K Au. _9424639 |
||
| 245 | 0 |
_aChaitanya _b His Lige and Doctrine A Study in Vaisnavism |
|
| 260 |
_aMumbai _bBharatiya Vidya Bhawan _c1969 |
||
| 300 |
_a392 _ccm. |
||
| 942 |
_hQ22:33, K9 _cTEXL _2CC |
||
| 999 |
_c1117457 _d1117457 |
||